History Quiz

Random History or Clickable Quiz
Score 0/20 Timer 08:00
4 Plays Today
% Correct
1955- Rosa Parks makes a stand
93.2%
1929- Stock Market crash
89.2%
1776- Jefferson picked to write Declaration
87.7%
1970- Kent State massacre
87.2%
1775- Paul Revere's Ride
85.5%
1945- Trinity nuclear test
84.8%
1770- The Boston Massacre
84%
1814- The British burn the White House
83.7%
1861- The Pony Express
82.8%
1905- Ellis Island
82.3%
% Correct
1926- First rocket flight
80.6%
1890- The first electrocution
80.2%
1876- Little Bighorn
79.1%
1850- The Underground Railroad
78.3%
1861- Fort Sumter attacked
77.2%
1805- Lewis & Clark explore the west
77.1%
1590- The Lost Colony
72.4%
1838- The Trail of Tears
71.4%
1865- Lincoln is shot
69.5%
1565- The Founding of St. Augustine
68.5%
Remove Ads.
Support Sporcle.
Get the best of Sporcle when you Go Orange. This ad-free experience offers more features, more stats, and more fun while also helping to support Sporcle. Thank you for becoming a member.

You're not logged in!

Compare scores with friends on all Sporcle quizzes.
OR
Log In

Show Comments

Extras

Top Quizzes Today


Score Distribution

Your Account Isn't Verified!

In order to create a playlist on Sporcle, you need to verify the email address you used during registration. Go to your Sporcle Settings to finish the process.

Report this User

Report this user for behavior that violates our Community Guidelines.

Details: